00477nam a2200133Ia 4500008004100000082001700041100001400058245004200072260003700114300001200151942000700163999001900170952015400189161229s9999 xx 000 0 und d a338.7 MIS/FU aMishra, N aFundamentals of business organisation bAllied publishers ltdaNew Delhi axi, 604 cBK c152728d152728 00104070aKAUCLVbKAUCLVd2016-12-29l0o338.7 MIS/FUp904037r2016-12-29 00:00:00w2016-12-29yBKzBook transferred from CCBM Library ,Acc.No:3668